000 02566cam a22006134i 4500
003 PE-LiUPU
005 20250731170453.0
008 150706s r 000 0 d
020 _a9789972236433
035 _a(Sirsi) i9789972236433
035 _a(Sirsi) i9789972236433
040 _aPE-LiUPU
_bspa
_cPE-LiUPU
_erda
049 _aPRUA
082 0 4 _a150.72
_bA33
_221
100 1 _aAlarcón Napuri, Reynaldo,
_d1924- ,
_eautor.
245 1 0 _aMétodos y diseños de investigación del comportamiento /
_cReynaldo Alarcón.
250 _a2a ed.
264 1 _aLima :
_bEditorial Universitaria,
_c2008.
300 _a417 páginas :
_bilustraciones ;
_c24 cm.
336 _atext
_2rdacontent
337 _aunmediated
_2rdamedia
338 _avolume
_2rdacarrier
505 0 _aLa ciencia y la investigación científica -- Hechos y formulaciones teóricas -- Inicio de la investigación -- El método experimental. -Diseños experimentales univariables bivalentes -- Diseños experimentales univariables multivalentes -- Diseños experimentales: diseños factoriales -- Diseños experimentales: diseños de sujeto único -- Diseños cuasiexperimentales -- La investigación correlacional -- La investigación por encuesta -- Medición -- Análisis de datos (I) -- Análisis de datos (II) -- Introducción al análisis multivariable -- La comunicación científica.
526 _aSEG68
526 _aSEG70
526 _aSEG69
526 _aSEG67
526 _aSEG43
526 _aP144
526 _aP143
526 _aP131
526 _aP122
526 _aP120
526 _aP117
526 _aP112
526 _aP110
526 _aP106
526 _aP101
526 _aP80
526 _aP59
526 _aP54
526 _aP35
526 _aP33
526 _aP30
541 _g002-014344;
650 0 4 _aPsicología
_xInvestigación
_xMetodología.
650 0 4 _aCiencias de la conducta.
910 _agl
_cjck
_d20130718
942 _2ddc
_cBOOK
949 _aPGE 150.72 A33
_wDEWEY
_c1
_i64316
_lPOSTGRADO
_mBUL
_p16.00
_r0
_sY
_tBOOK
_u2015-7-6
_xPOSGRADO
_PP57
_o.CIRCNOTE. No olvidar cambiar la fecha de devolución!!!!!!!
_o.STAFF. Colección General
994 _aC0
_bPEPRU
596 _a1
999 _aPGE 150.72 A33
_wDEWEY
_c53105
_i64316
_d53105
_f2021-11-3
_g5
_lCCODEBUL1
_mBUL
_p16.00
_q2
_r0
_sY
_tBOOK
_u2015-7-6
_xSALUD
_PP57
_0COMPRA
_o.CIRCNOTE. No olvidar cambiar la fecha de devolución!!!!!!!
_o.STAFF. Colección General
980 _81
_gALBERTO SANCHEZ Responsable de Automatización